[Event "Pinneberg-ch 37th"]
[Site "Pinneberg"]
[Date "2019.09.12"]
[Round "6"]
[White "Sachse, Theo"]
[Black "Ewert, Helmut"]
[Result "1/2-1/2"]
[WhiteElo "1305"]
[BlackElo "1204"]
[PlyCount "76"]
[EventDate "2019.08.08"]
[EventType "swiss"]
[EventRounds "7"]
[EventCountry "GER"]
[SourceTitle "CBM 192 Extra"]
[Source "Chessbase"]
[SourceDate "2019.11.06"]
[SourceVersion "1"]
[SourceVersionDate "2019.11.06"]
[SourceQuality "1"]

1. e4 e6 2. Bc4 d6 3. Nc3 Nf6 4. Nf3 Bd7 5. 0-0 Be7 6. d3 0-0 7. a3 a6 8. b4 b5 9. Bb3 Nc6 10. Bb2 e5 11. h3 Qc8 12. Nd5 Be6 13. Nxe7+ Nxe7 14. c4 bxc4 15. dxc4 Nxe4 16. Re1 f5 17. Qd3 Ng6 18. Bc1 a5 19. b5 Qb8 20. a4 Qb6 21. Be3 Qb7 22. Ng5 Nxg5 23. Bxg5 f4 24. h4 Bf5 25. Qd1 h6 26. h5 Nh8 27. Bh4 Qc8 28. c5+ Be6 29. Bxe6+ Qxe6 30. cxd6 cxd6 31. f3 g5 32. Bf2 Rac8 33. Bb6 Qd7 34. Bxa5 Qa7+ 35. Kh2 Qxa5 36. Qxd6 Nf7 37. Qg6+ Kh8 38. Qf6+ Kh7 1/2-1/2

[Event "Pinneberg-ch"]
[Site "Pinneberg"]
[Date "2018.09.27"]
[Round "7"]
[White "Ewert, Helmut"]
[Black "Baldauf, Uwe"]
[Result "0-1"]
[WhiteElo "1204"]
[BlackElo "1495"]
[PlyCount "57"]
[EventDate "2018.08.16"]
[EventType "swiss"]
[EventRounds "7"]
[EventCountry "GER"]
[SourceTitle "EXT 2019"]
[Source "ChessBase"]
[SourceDate "2018.10.10"]
[SourceVersion "1"]
[SourceVersionDate "2018.10.10"]
[SourceQuality "1"]

1. e4 c5 2. Nc3 d6 3. f4 g6 4. Nf3 Bg7 5. Bc4 Nc6 6. a3 Nf6 7. h3 Nxe4 8. Nxe4 d5 9. Bxd5 Qxd5 10. Nc3 Qd8 11. d3 Be6 12. 0-0 Qb6 13. Na4 Qa5 14. c3 Rd8 15. Qc2 Bf5 16. Ne1 c4 17. b4 Qb5 18. dxc4 Qxc4 19. Qa2 Qb5 20. Qb3 Na5 21. c4 Nxc4 22. Ra2 Be6 23. Nc3 Qb6+ 24. Kh1 Nd2 25. Bxd2 Bxb3 26. Ra1 Rxd2 27. Nf3 Rc2 28. Rac1 Rxc3 29. Rxc3 0-1

[Event "Pinneberg-ch"]
[Site "Pinneberg"]
[Date "2017.10.12"]
[Round "6"]
[White "Holzhausen, Joerg"]
[Black "Ewert, Helmut"]
[Result "1-0"]
[WhiteElo "1536"]
[BlackElo "1186"]
[PlyCount "65"]
[EventDate "2017.09.07"]
[EventType "swiss"]
[EventRounds "7"]
[EventCountry "GER"]
[SourceTitle "EXT 2019"]
[Source "ChessBase"]
[SourceDate "2018.10.10"]
[SourceVersion "1"]
[SourceVersionDate "2018.10.10"]
[SourceQuality "1"]

1. e4 e5 2. Nf3 Nc6 3. d4 exd4 4. Bc4 h6 5. Nxd4 Bb4+ 6. c3 Nxd4 7. Qxd4 Bf8 8. e5 c6 9. Bf4 Ne7 10. Qd3 Ng6 11. Bxf7+ Kxf7 12. Qf5+ Kg8 13. Qxg6 Bc5 14. 0-0 Qe7 15. Nd2 Qe6 16. Qd3 b5 17. Ne4 Be7 18. Nd6 a5 19. Rfd1 Ba6 20. Nf5 Rd8 21. Nxe7+ Qxe7 22. Qf5 Qf7 23. Qe4 Qe6 24. Rd6 Qf7 25. b3 Bc8 26. Rad1 Re8 27. h3 Re6 28. Bg3 g5 29. Rxe6 Qxe6 30. Rd6 Qe7 31. Qg6+ Qg7 32. Qf5 Qf7 33. Rg6+ 1-0

[Event "Pinneberg-ch"]
[Site "Pinneberg"]
[Date "2017.09.28"]
[Round "4"]
[White "Ewert, Helmut"]
[Black "Tornier, Siegfried"]
[Result "0-1"]
[WhiteElo "1186"]
[BlackElo "1434"]
[PlyCount "60"]
[EventDate "2017.09.07"]
[EventType "swiss"]
[EventRounds "7"]
[EventCountry "GER"]
[SourceTitle "EXT 2019"]
[Source "ChessBase"]
[SourceDate "2018.10.10"]
[SourceVersion "1"]
[SourceVersionDate "2018.10.10"]
[SourceQuality "1"]

1. e4 e5 2. Nf3 Nc6 3. Bc4 Be7 4. 0-0 Nf6 5. Nc3 0-0 6. d3 d6 7. h3 Na5 8. Bb3 Nxb3 9. cxb3 Bd7 10. Re1 a6 11. Bg5 c6 12. Rc1 Ne8 13. Be3 f5 14. Bd2 Qc8 15. Bg5 Bxg5 16. Nxg5 Rf6 17. Nd5 Qd8 18. Nxf6+ Qxf6 19. Nf3 Qh6 20. Kh2 Nf6 21. Qe2 Rf8 22. Nd2 f4 23. f3 Nh5 24. d4 Qg5 25. dxe5 dxe5 26. Qc4+ Kh8 27. Qc5 Bxh3 28. Rg1 Qg3+ 29. Kh1 Qh4 30. g4 Bf1# 0-1

[Event "Pinneberg-ch"]
[Site "Pinneberg"]
[Date "2017.09.21"]
[Round "3"]
[White "Tiedjens, Jan Peter"]
[Black "Ewert, Helmut"]
[Result "0-1"]
[WhiteElo "845"]
[BlackElo "1186"]
[PlyCount "23"]
[EventDate "2017.09.07"]
[EventType "swiss"]
[EventRounds "7"]
[EventCountry "GER"]
[SourceTitle "EXT 2019"]
[Source "ChessBase"]
[SourceDate "2018.10.10"]
[SourceVersion "1"]
[SourceVersionDate "2018.10.10"]
[SourceQuality "1"]

1. d4 Nf6 2. Nf3 d5 3. Bf4 Bf5 4. e3 a6 5. Be2 e6 6. Bd3 Ne4 7. Nc3 Bb4 8. 0-0 Bxc3 9. bxc3 Nxc3 10. Qd2 Bxd3 11. Qxc3 Bg6 12. Qd3 0-1

[Event "Pinneberg-ch"]
[Site "Pinneberg"]
[Date "2017.09.14"]
[Round "2"]
[White "Ewert, Helmut"]
[Black "Linke, Harry"]
[Result "0-1"]
[WhiteElo "1186"]
[BlackElo "1512"]
[PlyCount "86"]
[EventDate "2017.09.07"]
[EventType "swiss"]
[EventRounds "7"]
[EventCountry "GER"]
[SourceTitle "EXT 2019"]
[Source "ChessBase"]
[SourceDate "2018.10.10"]
[SourceVersion "1"]
[SourceVersionDate "2018.10.10"]
[SourceQuality "1"]

1. e4 e5 2. Nf3 Nc6 3. Bc4 Be7 4. d3 Nf6 5. c3 0-0 6. 0-0 d5 7. exd5 Nxd5 8. Re1 Bg4 9. h3 Bxf3 10. Qxf3 Nf6 11. Bg5 Qd6 12. Nd2 Na5 13. Rad1 Nxc4 14. dxc4 Qe6 15. b3 c6 16. Re2 Rad8 17. Rde1 Bd6 18. Ne4 Nxe4 19. Bxd8 Rxd8 20. Rxe4 f5 21. R4e2 e4 22. Qe3 Qe5 23. Qg3 f4 24. Qh2 Qxc3 25. Rxe4 f3 26. Qh1 Rf8 27. R4e3 Qd2 28. gxf3 Qxa2 29. Kg2 Qc2 30. Kf1 Bc5 31. Qg2 Bxe3 32. Rxe3 Qd1+ 33. Re1 Qxf3 34. Re3 Qd1+ 35. Re1 Qxb3 36. Qe4 Qxh3+ 37. Kg1 Qf3 38. Qc2 Rf6 39. c5 Rg6+ 40. Kf1 Qh1+ 41. Ke2 Re6+ 42. Kd2 Qxe1+ 43. Kd3 Qe4+ 0-1

[Event "Pinneberg-ch"]
[Site "Pinneberg"]
[Date "2016.10.06"]
[Round "6"]
[White "Buschhaus, Ralf"]
[Black "Ewert, Helmut"]
[Result "1-0"]
[WhiteElo "1403"]
[BlackElo "1300"]
[PlyCount "66"]
[EventDate "2016.09.01"]
[EventType "swiss"]
[EventRounds "7"]
[EventCountry "GER"]
[SourceTitle "EXT 2018"]
[Source "ChessBase"]
[SourceDate "2017.10.13"]
[SourceVersion "1"]
[SourceVersionDate "2017.10.13"]
[SourceQuality "1"]

1. d4 d5 2. Nf3 e6 3. e3 Nf6 4. Bd3 c5 5. c3 c4 6. Bc2 Nc6 7. Nbd2 Be7 8. 0-0 0-0 9. e4 b6 10. e5 Nd7 11. Re1 f6 12. exf6 Rxf6 13. Ng5 Nf8 14. Nf1 Rxf2 15. Nxe6 Rxf1+ 16. Rxf1 Bxe6 17. Qe2 Qd7 18. Bd2 Bg4 19. Qf2 Bf6 20. Rae1 Ne6 21. Kh1 Rf8 22. Qg3 Bh5 23. Bf5 Ncd8 24. Qh3 Re8 25. Qxh5 g6 26. Bxe6+ Rxe6 27. Qf3 Bg7 28. Bg5 Qe8 29. Rxe6 Qxe6 30. Bxd8 Qd7 31. Bg5 h6 32. Bf6 Bf8 33. Be5 Bg7 1-0